| 000 | 00516nam a2200205Ia 4500 | ||
|---|---|---|---|
| 003 | GCL | ||
| 008 | 140319s9999 xx 000 0 eng d | ||
| 040 |
_aGCL / _cGCL |
||
| 082 | 0 | 4 |
_a128.209 _bA H |
| 100 | 1 | _aANNAS, JULIA | |
| 245 | 1 | 0 |
_aHELLENISTIC PHILOSOPHY OF MIND / _cANNAS, JULIA |
| 260 |
_a[S.N] : _bCAMBRIDGE UNIVERSITY PRESS ، _c1991 |
||
| 300 | _a245 P | ||
| 650 | 0 | 4 | _aSTORIES |
| 650 | 0 | 4 | _aPHILOSOPHY |
| 650 | 0 | 4 | _aHISTORY |
| 650 | 0 | 4 | _aPHILOSOPHY - MIND |
| 650 | 0 | 4 | _aEPICURS |
| 942 |
_2ddc _cBK |
||
| 999 |
_c10301 _d10301 |
||